header

Animal models of comparative and developmental aspects of immunity and disease / (Record no. 250908)

MARC details
000 -LEADER
fixed length control field 01372cam a2200337 i 4500
001 - CONTROL NUMBER
control field 4628378
003 - CONTROL NUMBER IDENTIFIER
control field OSt
005 - DATE AND TIME OF LATEST TRANSACTION
control field 20151026090844.0
008 - FIXED-LENGTH DATA ELEMENTS--GENERAL INFORMATION
fixed length control field 780711s1978 nyua b 101 0 eng
010 ## - LIBRARY OF CONGRESS CONTROL NUMBER
LC control number 78015022
020 ## - INTERNATIONAL STANDARD BOOK NUMBER
International Standard Book Number 0080226485
040 ## - CATALOGING SOURCE
Original cataloging agency DLC
Transcribing agency DLC
Modifying agency DLC
050 00 - LIBRARY OF CONGRESS CALL NUMBER
Classification number QR184.5
Item number .A54 1978
082 00 - DEWEY DECIMAL CLASSIFICATION NUMBER
Classification number 591.2/9
245 00 - TITLE STATEMENT
Title Animal models of comparative and developmental aspects of immunity and disease /
Statement of responsibility, etc edited by M. Eric Gershwin, Edwin L. Cooper.
260 ## - PUBLICATION, DISTRIBUTION, ETC. (IMPRINT)
Place of publication, distribution, etc Elmsford, N.Y. :
Name of publisher, distributor, etc Pergamon Press,
Date of publication, distribution, etc c1978.
300 ## - PHYSICAL DESCRIPTION
Extent xiii, 396 p. :
Other physical details ill. ;
Dimensions 25 cm.
500 ## - GENERAL NOTE
General note "A special supplement to Developmental and comparative immunology."
General note Papers presented at a symposium held during the annual meeting of the American Society of Zoologists in Toronto, Canada, Dec. 27-30, 1977.
504 ## - BIBLIOGRAPHY, ETC. NOTE
Bibliography, etc Includes bibliographical references and indexes.
650 #0 - SUBJECT ADDED ENTRY--TOPICAL TERM
Topical term or geographic name as entry element Immunology, Developmental
Form subdivision Congresses.
Topical term or geographic name as entry element Immunology, Comparative
Form subdivision Congresses.
Topical term or geographic name as entry element Experimental immunology
Form subdivision Congresses.
Topical term or geographic name as entry element Diseases
General subdivision Animal models
Form subdivision Congresses.
700 1# - ADDED ENTRY--PERSONAL NAME
Personal name Gershwin, M. Eric,
Dates associated with a name 1946-
Personal name Cooper, Edwin L.
Fuller form of name (Edwin Lowell),
Dates associated with a name 1936-
710 2# - ADDED ENTRY--CORPORATE NAME
Corporate name or jurisdiction name as entry element American Society of Zoologists.
730 0# - ADDED ENTRY--UNIFORM TITLE
Uniform title Developmental and comparative immunology.
906 ## - LOCAL DATA ELEMENT F, LDF (RLIN)
a 7
b cbc
c orignew
d 1
e ocip
f 19
g y-gencatlg
942 ## - ADDED ENTRY ELEMENTS (KOHA)
Source of classification or shelving scheme Library of Congress Classification
Koha item type Long Loan Books
Holdings
Withdrawn status Lost status Source of classification or shelving scheme Damaged status Not for loan Collection code Home library Current library Shelving location Date acquired Total Checkouts Full call number Barcode Date last seen Price effective from Koha item type
    Library of Congress Classification     Non-fiction Rongo University Library Rongo University Library General Stacks 26/10/2015   QR184.5 .A54 1978 20157115 26/10/2015 26/10/2015 Long Loan Books

© 2026 Rongo University
Contact us: librarian | system librarian | Rongo university